000 00696nam a22002291 4500
999 _c6807
_d6807
001 279110
003 OSt
005 20210310171249.0
008 850321s1964 enka 000 0 eng
010 _a 64006948
040 _aDLC/ICU
_cICU
_dDLC
050 0 0 _aQC6
_b.R57
082 0 0 _a530.11 ROS 1964
100 1 _aRosser, W. G. V.
_q(William Geraint Vaughan)
_913940
245 1 3 _aAn introduction to the theory of relativity
_c[by] W.G.V. Rosser.
260 _aLondon,
_bButterworths,
_c1964.
300 _axiv, 516 p.
_billus.
_c23 cm.
650 0 _aRelativity (Physics)
_98007
740 0 _aTheory of relativity.
906 _a7
_bcbc
_corignew
_du
_eocip
_f19
_gy-gencatlg
942 _2ddc
_cO_SHELF